000 00421nam a22001697a 4500
999 _c10022
_d10022
003 GBCCL
005 20241126110723.0
008 240205b ||||| |||| 00| 0 eng d
040 _cgbc
082 _aVER 248
_bKHA
100 _aKhaizakham, Kh
_98513
245 _aKhalam annhoih lakkhawm
260 _aImphal :
_bN Zatawn & family,
_c2021
300 _a198p. ;
650 _aChristian life
_9183
942 _2ddc
_cBK
_02